Word Ladder: Pieces of You Quiz Stats

Quiz Updated May 30, 2015

Challenge
Share
Tweet
Embed
Score 0/30 Timer 03:00
0 Plays Today
Hint 4-Letter Word % Correct
Not easyHARD
98.9%
* Arm part with fingers *HAND
98.6%
Safe place for moneyBANK
98.1%
* Brain container *HEAD
97.8%
Fifty percentHALF
97.7%
Cattle groupHERD
97.3%
Listen toHEAR
96.7%
CorridorHALL
96.4%
Icy rainHAIL
96.3%
Rock groupBAND
96.1%
* Leg part *CALF
95.5%
* Spine locale *BACK
95%
Still, relaxedCALM
94.5%
* Smelling facial feature *NOSE
94.1%
* Hand part *PALM
94%
Hint 4-Letter Word % Correct
Not anyNONE
93.3%
* Ear part *LOBE
92.9%
Pallid, colorlessPALE
92.7%
After-bath garmentROBE
92.6%
* Skeleton part *BONE
92.5%
Part in a playROLE
91.9%
Come in lastLOSE
91.6%
Will recipientHEIR
89.9%
* Head locks *HAIR
89.6%
Hurting; tenderSORE
88%
* Foot part *SOLE
87.5%
* Skin opening *PORE
86.6%
Trim or peelPARE
84.8%
* Theme of this word ladder *BODY
75.7%
ForeshadowBODE
75.1%

Today's Daily Dose

Missing Word
1971 Movies A-Z

Word Ladder
Complete Tour

Quick Pick
Logo Colors

On This Day
January 19th

You're not logged in!

Compare scores with friends on all Sporcle quizzes.
Sign Up with Email
OR
Log In

You Might Also Like...

Show Comments

Extras

Top Quizzes Today


Score Distribution

Your Account Isn't Verified!

In order to create a playlist on Sporcle, you need to verify the email address you used during registration. Go to your Sporcle Settings to finish the process.